| 000 | 01069 a2200313 4500 | ||
|---|---|---|---|
| 001 | 200130989 | ||
| 999 |
_c200130989 _d30297 |
||
| 003 | TR-AnTOB | ||
| 005 | 20200812163050.0 | ||
| 008 | 131206p19952013enk 001 0 | ||
| 020 | _a9780857423198 | ||
| 040 |
_aNLGGC _bdut _cNLGGC _dTR-AnTOB |
||
| 041 | _aeng | ||
| 050 | 0 | 0 |
_aHD8038.A1 _bS35 2013 |
| 090 | _aHD8038.A1 S35 2013 | ||
| 100 | 1 |
_aSchön, Donald A. _994561 |
|
| 245 | 1 | 4 |
_aThe reflective practitioner : _bhow professionals think in action / _cDonald A. Schön. |
| 264 | 1 |
_aAldershot : _bAshgate, _c2013 |
|
| 300 |
_ax, 374 pages; _c22 cm. |
||
| 504 | _aIncludes bibliographical references and index. | ||
| 505 | _aI.Professional knowledge and reflection in action -- II.Professional contexts for reflection in action -- III.Conclusion. | ||
| 650 | 0 |
_aProfessions _920240 |
|
| 650 | 7 |
_aMeslekler _2etuturkob _994566 |
|
| 650 | 0 |
_aThought and thinking _916621 |
|
| 650 | 0 |
_aDüşünce ve düşünme _9123888 |
|
| 650 | 0 |
_aSelf-knowledge, Theory of _994564 |
|
| 650 | 0 |
_aÖzbilgi teorisi _994565 |
|
| 942 | _cBK | ||